00298nam a2200133Ia 4500003000400000005001700004008004100021020001500062040001700077100002100094245002500115260001500140260000900155OSt20240326102622.0170524s9999 xx 000 0 und d a8172249748 cIIMTU MEERUT astewart- william 0aBuilding self esteem bJaico Pub. c2003